Učedník /

Hlavní autor: Gerritsen, Tess, 1953-
Jazyk: Čeština
Vydáno: V Praze : Knižní klub, 2005
Vydání: Vyd. 1.
Témata:
Fyzický popis: 317 s. ; 21 cm
Knihy
Uloženo v:
LEADER 01070nam a2200337 a 4500
001 000773523
003 CZ BrMZK
005 20050630092107.0
007 ta
008 050509s2005 xr gr 000 f cze d
015 |a cnb001446751 
020 |a 80-242-1298-6  |q (váz.) 
035 |a (OCoLC)85128652 
040 |a BOA001  |b cze 
041 1 |a cze  |h eng 
072 7 |a 821.111(73)-3  |x Americká próza  |2 Konspekt  |9 25 
080 |a 821.111(73)-31  |2 MRF 
080 |a (0:82-312.4)  |2 MRF 
100 1 |a Gerritsen, Tess,  |d 1953-  |7 xx0004638  |4 aut 
245 1 0 |a Učedník /  |c Tess Gerritsenová ; [přeložila Ludmila Hanzlíková] 
250 |a Vyd. 1. 
260 |a V Praze :  |b Knižní klub,  |c 2005 
300 |a 317 s. ;  |c 21 cm 
500 |a Přeloženo z angličtiny 
655 7 |a americké romány  |7 fd131796  |2 czenas 
655 7 |a detektivní romány  |7 fd132010  |2 czenas 
765 0 |t Apprentice  |9 Česky 
910 |a BOA001  |b 2-1152.095 
990 |a BK 
991 |b 200506 
996 6 |b 2610249963  |c 2-1152.095  |l MZK  |r Sklad / do 1 hodiny  |n 2  |p p.v.  |w 000773523  |u 000010  |a 1  |e BOA001  |j MZK50  |s P